| 000 | 00561nam a2200181 i 4500 | ||
|---|---|---|---|
| 001 | 124575 | ||
| 003 | ES-MaACL | ||
| 007 | t| | ||
| 008 | 070330s1945 ag ||||1| spa d | ||
| 100 | 1 |
_aGiménez Pastor, Arturo. _957060 |
|
| 245 | 1 | 0 |
_aHistoria de la literatura argentina / _cArturo Giménez Pastor. |
| 260 |
_aBuenos Aires : _bLabor, _c[1945] |
||
| 300 |
_a2 v. : _bil. ; _c17 cm. |
||
| 490 | 1 |
_aColección Labor ; _v420, 421, 422,423 |
|
| 830 | 0 | 0 |
_aColección Labor _v420, 421, 422,423 _9184254 |
| 852 |
_aES-MaACL _jE-2880-81 |
||
| 999 |
_c124575 _d124575 |
||